000
00335pab a2200145 454500
008
180718b1986 xxu||||| |||| 00| 0 eng d
100
_a
Siddiqui, M.S.
245
_a
Sound investment, better growth
260
_c
1986
300
_a
26-7
362
_a
16 Feb.
650
_a
Finance, Public - Policy
773
_a
Yojana
909
_a
8516
999
_c
8516
_d
8516